000 00778nam a2200205Ia 4500
003 GCL
008 140319s9999 xx 000 0 ara d
040 _aGCL /
_cGCL
082 0 4 _a956.904
_bس ن
100 1 _aسعيد معلاوى
245 1 0 _aنسور فى مرج الزهور : المعاناة اليومية للمبعدين الفلسطينين بالصورة والكلمة /
_cسعيد معلاوى
700 1 _aانيس الصايغ
300 _a265 ص
490 _aالهيئة العامة للاستعلامات
_v0
650 0 4 _aالمقاومة الفلسطينية
650 0 4 _aالقصة الفلسطينية
650 0 4 _aاللاجئون الفلسطينيون
650 0 4 _aفلسطين - تاريخ - العصر الحديث
942 _2ddc
_cBK
999 _c49026
_d49026